Normal view
MARC view
- Chiapas (México)
Entry Nombre Geográfico
001 - NÚMERO DE CONTROL
- campo de control: 13375
003 - IDENTIFICADOR DE NUMERO DE CONTROL
- campo de control: UPN
005 - FECHA Y HORA DE LA ÜLTIMA TRANSACCIÓN
- campo de control: 20220617131530.0
008 - DATOS DE LONGITUD FIJA
- campo de control de longitud fija: nabaccnnaabn|||||||||| b |nc|||||d
035 ## - NÚMERO DE CONTROL
- Número de control: UPN10000013383
040 ## - FUENTE DE CATALOGACIÓN
- Lenguaje de catalogación: spa
- Agencia de transcripción: UPN
- Agencia de catalogación original: UPN
053 #4 - NÚMERO DE CLASIFICACIÓN LC
- Elemento de número de clasificación-número único o número de inicio de tramo: HC137 CH2
151 ## - ENCABEZAMIENTO - NOMBRE GEOGRÁFICO
- Nombre geográfico: Chiapas (México)
- Subdivisión general : Condiciones sociales
670 ## - FUENTE EN LA QUE SE LOCALIZARON DATOS
- Cita de la fuente: E/P
902 ## - CATALOGADOR
- Catalogador: LG/280297
